000 01357cam a2200397 4500
999 _c23458
_d23458
001 vtls011982242
005 20221012102249.0
008 210701s2020 xo gr 000 f slo
020 _a9788022022330
_q(viazané)
035 _aurn:nbn:sk:snk-am00ff2n
035 _aurn:nbn:sk:snk-am3irh8
035 _a5EE75200-B08E-4F77-91CE-FE9C3235D3FB
040 _aSVKBB
_bslo
_cSVKBB
_dSNK
_erda
041 1 _aslo
_heng
044 _axo
_cSK
072 7 _a821.111(73)-3
_xAmerická próza
_2konspekt
080 _a821.111(73)-31
_22011
080 _a(0:82-312.5)
_22011
100 1 _aFeather, Jane,
_d1945-
_4aut
_93685
240 1 0 _aTempt Me with Diamonds
_lSlovensky
245 1 0 _aDiamantové pokušenie
_cJane Featherová ; z anglického originálu Tempt Me with Diamonds ... preložila Nina Mikušová
264 1 _aBratislava
_bSlovenský spisovateľ
_c2020
300 _a213 strán
_c21 cm
336 _atext
_btxt
_2rdacontent
337 _abez média
_bn
_2rdamedia
338 _azväzok
_bnc
_2rdacarrier
655 7 _aamerické romány
_2SNKPH
_92
655 7 _aľúbostné romány
_2SNKPH
_913
655 7 _aAmerican novels
_2SNKPHeng
_91670
655 7 _aLove novels
_2SNKPHeng
_91667
700 1 _aMikušová, Nina
_4trl
_93686
700 1 _aFeather, Jane,
_d1945-
_tZafírové zvádzanie
_93687
958 _aOND
958 _aLX
958 _aUP